En marcha: Libro de lectura para tercer grado
Salvato in:
| Autore principale: | |
|---|---|
| Natura: | Sconosciuto |
| Lingua: | spagnolo |
| Pubblicazione: |
Buenos Aires :
Moly & Lasserre,
[1937?]
|
| Catalogo: | MANES: Risultati della ricerca del catalogo della biblioteca |
| Libro di testo Classificazione: |
|
| Tags: |
Aggiungi Tag
Nessun Tag, puoi essere il primo ad aggiungerne!!
|
| Aggiunto a: | 2016-04-26 |
| Cambiato in: | 2025-05-07 |
MARC
| LEADER | 000000000a22000000004500 | ||
|---|---|---|---|
| 001 | 35893 | ||
| 003 | OSt | ||
| 005 | 20250507125810.0 | ||
| 008 | 160427s ar ||||| |||| 00| 0 spa d | ||
| 040 | |a centro_manes |c bdocenteBA | ||
| 041 | |a Español | ||
| 100 | 1 | |a Mestorino, Orestes |9 18267 | |
| 245 | 0 | 0 | |a En marcha: |b Libro de lectura para tercer grado / |c Mestorino, Orestes |
| 260 | 3 | |a Buenos Aires : |b Moly & Lasserre, |c [1937?] | |
| 300 | |a 166 p. : |b il. ; |c 20 x 13 cm. | ||
| 500 | |a Signatura topográfica: HTA[1937]MESe1(Sala A). Texto aprobado por el Consejo Nacional de Educación. Ilustraciones en blanco y negro, tapas duras. | ||
| 546 | |a Argentina | ||
| 561 | |5 ar-DOCE |a Argentina. Biblioteca del Docente |k MANES | ||
| 690 | 0 | |a EyL | |
| 691 | 0 | |a PRI | |
| 942 | |2 ddc |c BK | ||
| 999 | |c 39549 |d 39549 | ||
| 999 | |c manes:39549 |d 39549 | ||